000 00492nam a22001697a 4500
005 20251108164930.0
008 250721s9999 xx 000 0 ara d
082 1 4 _a651.3741/أحم
100 1 _aكايد، أحمد فايق
245 1 0 _aأصول علم السكرتارية /
264 1 _aبيروت :
_bدار النهضة العربية،
_c[19-].
300 _a131ص
650 1 7 _aإدارة المكاتب
650 1 7 _aالسكرتارية
942 _2ddc
_cBK
999 _c17738
_d17738